| 000 | 00000nam 2200000za 4500 |
| 001 | 9.801022 |
| 003 | CaOODSP |
| 005 | 20221107134724 |
| 007 | cr ||||||||||| |
| 008 | 160620s2015||||xxc |||| f000 0 fre d |
| 020 | |a978-0-660-02410-3 |
| 040 | |aCaOODSP|bfre |
| 041 | |afre|beng |
| 043 | |an-cn--- |
| 086 | 1 |a SC103-29/2-2015F-PDF |
| 245 | 00|aC258 - Préparation à l'évaluation du français langue seconde. |pCompréhension de l'écrit 3 et 4 |h[ressource électronique]. |
| 246 | 30|aPréparation à l’évaluation du français langue seconde |
| 246 | 30|aCompréhension de l'écrit 3 et 4 |
| 260 | |a[Ottawa] :|bÉcole de la fonction publique du Canada, Direction générale des programmes d'apprentissage, Formation linguistique, |c2015. |
| 300 | |aiv, 85 p. |
| 500 | |a« Septembre 2014 ». |
| 520 | 3 |aCe manuel renferme des exercices qui visent à préparer les élèves à l’évaluation de leurs compétences en expression écrite en français langue seconde. Les exercices renferment trois types de questions à choix multiples : grammaire et sens d’un énoncé présenté en anglais; erreurs à relever dans un texte en français; et énoncés à compléter. Chaque série d’exercices est suivie d’un corrigé et d’explications. |
| 546 | |aComprend du texte en anglais. |
| 692 | 07|2gccst|aÉvaluation de la langue seconde |
| 692 | 07|2gccst|aFrançais langue seconde |
| 710 | 2 |aÉcole de la fonction publique du Canada. |
| 856 | 40|qPDF|s1.37 Mo|uhttps://publications.gc.ca/collections/collection_2016/efpc-csps/SC103-29-2-2015-fra.pdf |